Normal view
MARC view
Entry Personal Name
001 - CONTROL NUMBER
- control field: 32337
003 - CONTROL NUMBER IDENTIFIER
- control field: OSt
005 - DATE AND TIME OF LATEST TRANSACTION
- control field: 20220811152251.0
008 - FIXED-LENGTH DATA ELEMENTS
- fixed length control field: 220811|| aca||aabn | a|a d
040 ## - CATALOGING SOURCE
- Original cataloging agency: OSt
- Transcribing agency: OSt
100 ## - HEADING--PERSONAL NAME
- Personal name: Purnhagen, K. P., Herpen, E..Van and Michetti, F.
670 ## - SOURCE DATA FOUND
- Source citation: Work cat.: (OSt)519407: Purnhagen, K. P., Herpen, E..Van and Michetti, F., Oversized area indications on bonus packs fail to affect consumers’ transactional decision: More experimental evidence on the mars case
